000 00687cam a2200229 a 4500
001 000007943
005 20200929154348.0
008 860724s1994 sp 000 f spa c
020 _a8433917218
040 _aDO-SdBNP
_dBNPHU
082 _a863.64
_bG216s, 1994
100 1 _aGarcía Morales, Adelaida.
_921746
245 1 3 _aEl sur seguido de Bene /
_cAdelaida Garcia Morales.
250 _a19a ed.
260 _aBarcelona :
_bAnagrama,
_c1994.
300 _a110 p. ;
_c20 cm.
490 1 _aNarrativas hispánicas
_v21
650 4 _aNovela española
_91123
650 4 _aLiteratura española
_9632
830 0 _aNarrativas hispánicas ;
_v21
_921236
910 _aCatalogación derivada
999 _c7721
_d7721